[Event "Titled Tuesday intern op 6th Aug"]
[Site "Chess.com INT"]
[Date "2019.08.06"]
[Round "4"]
[White "Krysa, Leandro Sergio"]
[Black "Nebolsina, Vera"]
[Result "1-0"]
[WhiteElo "2516"]
[BlackElo "2269"]
[PlyCount "69"]
[EventDate "2019.08.06"]
[EventType "swiss (blitz)"]
[EventRounds "10"]
[EventCountry "USA"]
[SourceTitle "EXT 2021"]
[Source "ChessBase"]
[SourceDate "2020.10.23"]
[SourceVersion "1"]
[SourceVersionDate "2020.10.23"]
[SourceQuality "1"]

1. c4 e5 2. Nc3 Nc6 3. g3 Bc5 4. Bg2 a6 5. e3 Nge7 6. Nge2 d6 7. a3 Ba7 8. b4 0-0 9. 0-0 Be6 10. Nd5 Qd7 11. d4 Bg4 12. dxe5 Nxe5 13. Qc2 Bf5 14. e4 Bg4 15. Bb2 N7g6 16. Rad1 Bf3 17. c5 Qg4 18. h3 Qh5 19. Nef4 Bxd1 20. Rxd1 Nxf4 21. Nxf4 Qh6 22. Nd5 Rae8 23. Nxc7 Rc8 24. Nd5 Rfe8 25. f4 dxc5 26. Kh1 Ng4 27. Qe2 f5 28. b5 axb5 29. Rf1 c4 30. e5 c3 31. Bxc3 Ne3 32. Nxe3 Rxc3 33. Nxf5 Qg6 34. Nd6 Qxd6 35. Qa2+ 1-0

[Event "Titled Tuesday intern op 6th Aug"]
[Site "Chess.com INT"]
[Date "2019.08.06"]
[Round "1"]
[White "Rahul, Srivatshav P"]
[Black "Nebolsina, Vera"]
[Result "0-1"]
[WhiteElo "2410"]
[BlackElo "2269"]
[PlyCount "60"]
[EventDate "2019.08.06"]
[EventType "swiss (blitz)"]
[EventRounds "10"]
[EventCountry "USA"]
[SourceTitle "EXT 2021"]
[Source "ChessBase"]
[SourceDate "2020.10.23"]
[SourceVersion "1"]
[SourceVersionDate "2020.10.23"]
[SourceQuality "1"]

1. Nf3 g6 2. g3 Bg7 3. Bg2 Nf6 4. 0-0 0-0 5. d4 d5 6. Nbd2 c6 7. c3 a5 8. a4 Bf5 9. Nh4 Be6 10. Re1 Qc8 11. e4 dxe4 12. Nxe4 Bh3 13. Bh1 Nxe4 14. Bxe4 Nd7 15. Bh1 Be6 16. Nf3 Bg4 17. Qd3 Bxf3 18. Bxf3 e6 19. h4 h5 20. Bg5 Nb6 21. Kg2 Qd7 22. g4 hxg4 23. Bxg4 c5 24. h5 Qd5+ 25. f3 Qxg5 26. dxc5 Nd5 27. Kh1 gxh5 28. Bh3 Nf4 29. Qc2 Qh4 30. Qh2 Qxh3 0-1